000 01132nam a2200301 i 4500
001 bg
245 0 0 _aMetrologia w technikach wytwarzania maszyn Kielce'97 :
_bVII konferencja naukowo-techniczna.
_nT. 1 /
_c[Kom. Org. Stanisław Adamczak (przewodn.) et al.].
260 _aKielce :
_bWydaw. PŚ,
_c1997.
300 _a327 s. :
_bfot., rys., wykr. ;
_c24 cm.
490 1 _aZeszyty Naukowe / Politechnika Świętokrzyska. Mechanika,
_x0239-4979 ;
_v63
500 _aTekst część. w jęz. ang., czes., niem., pol.
504 _aBibliogr., rez., streszcz., summ., Zsfassung. przy ref.
650 4 _aDiagnostyka techniczna
650 4 _aInżynieria powierzchni
650 4 _aJakość wyrobów
_xkontrola
650 4 _aMaszyny
_xtechnologia
650 4 _aPomiary
650 4 _aPrzyrządy pomiarowe
650 4 _aMateriały konferencyjne
700 1 _aAdamczak, Stanisław
_d(1948- ).
_eRed.
830 0 _aZeszyty Naukowe (Politechnika Świętokrzyska).
_pMechanika ;
_v63
040 _cBPK
041 0 _acsdeenpl
_bcsdeenpl
080 _a621
080 _a(06)
942 _cKS
008 s pl f |000 0 pol
999 _c31838
_d31838